Lo público y lo privado en los impresos decimonónicos : (Record no. 110597)
[ view plain ]
| 000 -LEADER | |
|---|---|
| fixed length control field | 00886nam a2200241 4500 |
| 005 - DATE AND TIME OF LATEST TRANSACTION | |
| control field | 20181129082335.0 |
| 008 - FIXED-LENGTH DATA ELEMENTS--GENERAL INFORMATION | |
| fixed length control field | 151211b mx ||||| |||| 00| 0 spa d |
| 020 ## - INTERNATIONAL STANDARD BOOK NUMBER | |
| International Standard Book Number | 9786074010572 |
| 050 04 - LIBRARY OF CONGRESS CALL NUMBER | |
| Classification number | KGF3015 |
| Item number | C38 2009 |
| 050 04 - LIBRARY OF CONGRESS CALL NUMBER | |
| Classification number | PN4967 |
| Item number | C38 2009 |
| 100 1# - MAIN ENTRY--PERSONAL NAME | |
| Personal name | Chávez Lomelí, Elba. |
| 245 13 - TITLE STATEMENT | |
| Title | Lo público y lo privado en los impresos decimonónicos : |
| Remainder of title | libertad de imprenta (1810-1882) |
| Statement of responsibility, etc | / Elba Chávez Lomelí |
| 250 ## - EDITION STATEMENT | |
| Edition statement | 1a ed. |
| 260 ## - PUBLICATION, DISTRIBUTION, ETC. (IMPRINT) | |
| Place of publication, distribution, etc | México : |
| Name of publisher, distributor, etc | Miguel Ángel Porrúa: |
| -- | Universidad Nacional Autónoma de México: |
| -- | Facultad de Estudios Superiores Aragón, |
| Date of publication, distribution, etc | 2009 |
| 300 ## - PHYSICAL DESCRIPTION | |
| Extent | 343 p. ; |
| Dimensions | 23 cm. |
| 490 0# - SERIES STATEMENT | |
| Series statement | La Historia |
| 504 ## - BIBLIOGRAPHY, ETC. NOTE | |
| Bibliography, etc | Incluye apéndice y bibliografía : (p. 335-343) |
| 650 #7 - SUBJECT ADDED ENTRY--TOPICAL TERM | |
| Source of heading or term | lemb |
| Topical term or geographic name as entry element | Prensa |
| General subdivision | Historia |
| Chronological subdivision | Siglo XIX |
| Geographic subdivision | México |
| 650 #7 - SUBJECT ADDED ENTRY--TOPICAL TERM | |
| Source of heading or term | lemb |
| Topical term or geographic name as entry element | Gobierno y prensa |
| General subdivision | Historia |
| Chronological subdivision | Siglo XIX |
| Geographic subdivision | México |
| 942 ## - ADDED ENTRY ELEMENTS (KOHA) | |
| Source of classification or shelving scheme | Biblioteca del Cogreso de los Estados Unidos |
| Koha item type | Libro |
| Estado de pérdida | Fuente de clasificación | Estado del daño | No para préstamo | Ubicación permanente | Ubicación actual | Apartado o colección | Fecha de adquisición | Edición | Dependencia de educación superior (DES) | Área del conocimiento | Clasificación | Código de Barras | Date last seen | Número de copia | Tipo de recurso | Nota pública | Fuente de adquisición |
|---|---|---|---|---|---|---|---|---|---|---|---|---|---|---|---|---|---|
| Biblioteca del Cogreso de los Estados Unidos | Biblioteca de la Facultad de Letras | Biblioteca de la Facultad de Letras | General | 03/10/2018 | 1a ed. | Educación y Humanidades | PN4967 C38 2009 | LLH000009322 | 03/10/2018 | 1 | Libro | Donación | |||||
| Biblioteca del Cogreso de los Estados Unidos | Biblioteca de la Unidad de Ciencias Ingeniería y Humanidades | Biblioteca de la Unidad de Ciencias Ingeniería y Humanidades | Colección "Miguel Ángel Porrúa" | 27/03/2017 | 1a | Educación y Humanidades | PN4967 C38 2009 | BCU000018107 | 27/03/2017 | 1 | Libro | Donación | |||||
| Biblioteca del Cogreso de los Estados Unidos | Biblioteca del Instituto de Investigaciones Históricas | Biblioteca del Instituto de Investigaciones Históricas | General | 11/12/2015 | 1a ed. | Humanidades | Educación y Humanidades | KGF3015 C38 2009 | IIH000014526 | 11/12/2015 | C:1 | Libro | GENERAL | ||||
| Biblioteca del Cogreso de los Estados Unidos | Biblioteca del Instituto de Investigaciones Históricas | Biblioteca del Instituto de Investigaciones Históricas | General | 29/08/2017 | 1a ed. | Humanidades | Educación y Humanidades | KGF3015 C38 2009 | IIH000016198 | 29/08/2017 | C:2 | Libro | GENERAL |